01719nam a2200265Ia 4500001000600000003000900006008004100015040001300056040001300069041001300082100001900095100002900114245003200143245003200175250001100207260002000218260002000238260004900258300005500307500098800362650003201350650003101382700001101413700002901424C7679IT-RoPAU130308s9999 xx 000 0 und d aIT-RoPAU cIT-RoPAU aITALIANO aMicheli Sergio gCodice Aut. SPICS: 3785 aRassegna del cinema bulgaro bRassegna del Cinema Bulgaro a1a ed. aCOMUNE DI SIENA bRegione Toscana c1978 [1° Ed.:1978 - Ed.Ling.Originale:1978] a"44 p. (prefazione: no ; testo: 44 [pagine: 0-0])" aNote Sul Cinema Bulgaro. Schede e Note Critiche Sui Film in programma nella Rassegna: Zona delle Ville di Eduard Zahariev (1975), Emendamento Alla legge per la salvaguardia Dello Stato di Liudmil Staikov (1975), Il Corno Dicapra di Metodi Andonov (1972), Come una Canzone di Irina Aktasceva e Cristo Piskov (1972), l'ultima Estate di Cristo Kristov (1974), Incudine o Martello di Cristo Kristov (1972), Iulia Vrevskaya di Nikola Korabov (1976). Note su Alcuni cineasti Bulgari: Andonov Metodi, Korabov Nikola, Kovacev Cristo, Cristo Kristov e Altri. breve ritratto di tre Artisti: Katia Paskaleva e Dorotea tonceva (Attrici), Isaak Finzi (Attore). Introduzione al Cinema di Animazione Bulgaro. Note biografiche e Opere di Alcuni registi del Cinemadi Animazione Bulgaro: todor Dinov, Donio Donev, Stoian Dukov, Ivan Vesselinov, Sdenka Doiceva, Radka Backvarova, Proiko Proikov, Cristo topuzanov, Gheorghi Ciavdarov, Asparuh Panov, Konstantin Peronoski, Ivan Andonov, Pencio Bogdanov. aSTORIA NAZIONALE DEL CINEMA eCodice materia Spics: 6809 aAA.VV. gCodice Aut. SPICS: 12000